Los Hospitales comarcales en el àrea de nuestra provincia /
Descripción Física:
Il·lustracions
Colección:
San Jorge,
; núm. 15 (juliol 1954), pàg 81-90
Materias:
Hospitals -- Barcelona (Província) -- Història
; Salut pública -- Administració -- Barcelona (Província)
Idioma:
Español
MARC
| LEADER | 00000naa a2200000 a 4500 | ||
|---|---|---|---|
| 003 | Arxiu | ||
| 005 | 20260324181039.0 | ||
| 008 | 160829s1954 spcaxx s spa c | ||
| 040 | |a AGDB | ||
| 100 | 1 | |a Vilardaga Pujol, José Ma. |q (José Maria), |d 1886-1967 |9 29685 | |
| 245 | 1 | |a Los Hospitales comarcales en el àrea de nuestra provincia / |c por José M.ª Vilardaga Pujol, Diputado Presidente de la Comisión de Sanidad, Urbanismo y Vivienda | |
| 300 | |b Il·lustracions | ||
| 490 | |a San Jorge, |v núm. 15 (juliol 1954), pàg 81-90 | ||
| 650 | 0 | |a Hospitals |z Barcelona (Província) |x Història |9 31079 | |
| 650 | 0 | |a Salut pública |x Administració |9 55044 |z Barcelona (Província) | |
| 773 | |g Núm. 15 (juliol 1954), pàg 81-90 |t San Jorge. | ||
| 901 | |a Arxiu | ||
| 942 | |n 1 |2 udc |c ART | ||
| 952 | |0 0 |1 0 |4 0 |6 REV509 |7 1 |9 64991 |a Arxiu |b Arxiu |d 2023-01-10 |l 0 |o Rev-509 |r 2023-01-10 00:00:00 |w 2023-01-10 |y ARXIU |z També disponible a Rev-523 | ||
| 999 | |c 48811 |d 48811 | ||